Demon's Souls Starting Classes - Statistics

General Stats
  • This quiz has been taken 39 times
  • The average score is 6 of 10
Answer Stats
Answer % Correct
Knight
96%
Barbarian
61%
Priest
61%
Thief
61%
Magician
57%
Royalty
57%
Soldier
57%
Temple Knight
57%
Wanderer
39%
Hunter
35%
No matching quizzes found
Score Distribution
Percent of People with Each Score
Percentile by Number Answered
Your Score History
You have not taken this quiz